La Ley General de ambiente: ética ambiental y neoliberalismo /
Desde una perspectiva histórica, el autor estudia el desarrollo y el ambientalismo, como conceptos y en sus expresiones concretas. Señala que la expresión desarrollo sostenible sintetiza un nuevo concepto de desarrolo y representa el compromiso entre el pensamiento ambiental y la concepción desarrol...
Sparad:
| Huvudupphovsman: | |
|---|---|
| Materialtyp: | Text |
| Ämnen: | |
| Taggar: |
Lägg till en tagg
Inga taggar, Lägg till första taggen!
|
MARC
| LEADER | 00000 a a2200000 04500 | ||
|---|---|---|---|
| 001 | 18418 | ||
| 003 | |||
| 040 | |||
| 100 | |a Noel M, Enrique | ||
| 245 | |a La Ley General de ambiente: |b ética ambiental y neoliberalismo / |c Enrique Noel M | ||
| 520 | |a Desde una perspectiva histórica, el autor estudia el desarrollo y el ambientalismo, como conceptos y en sus expresiones concretas. Señala que la expresión desarrollo sostenible sintetiza un nuevo concepto de desarrolo y representa el compromiso entre el pensamiento ambiental y la concepción desarrollista, paradigmas que décadas atrás parecián irreconciliables en un régimen neoliberal. REV/LCL | ||
| 650 | |a MEDIO AMBIENTE | ||
| 650 | |a DESARROLLO SOSTENIBLE | ||
| 650 | |a ECOLOGIA | ||
| 650 | |a REGIMEN JURIDICO | ||
| 650 | |a LEGISLACION | ||
| 773 | |g número 103; páginas 81-98 | ||
| 999 | |c 19778 |d 19778 | ||
